| 000 | 01426nam a22002537a 4500 | ||
|---|---|---|---|
| 003 | Uzh_bibl | ||
| 008 | 260415b |||||||| |||| 00| 0 ukr d | ||
| 020 |
_a5-301-01502-8 _c1,50 |
||
| 040 | _bукр. | ||
| 041 |
_2ukr _aukr |
||
| 080 | _a821.161.2 | ||
| 090 |
_a821.161.2 _bС-75 |
||
| 100 | _a- | ||
| 245 |
_aСрібні воли _bКазки гір і підгір'я в записах Степана Пушика _cхудож. Євген Попов _hТекст |
||
| 260 |
_aКиїв _b"Веселка" _c1995 |
||
| 300 |
_a398 с. _bіл. _fВ опр. |
||
| 520 | _a"ЗАбута казка" - це золоте намисто, яке впало на морське дно", - кажуть старі люди. І щоб не втратили наступні покоління жодної такої намистини, мандрують рідним краєм фольклористи, розшукуючи народних мудреців, які зберігають у пам'яті безліч народних оповідок, пісень, прислів'їв. | ||
| 521 | _aДля широкого кола читачів | ||
| 546 | _aукр. | ||
| 650 | _aЛітературно-художнє видання | ||
| 653 |
_aЧарівна ліхтарня _aГолий парубок _aДідові поради |
||
| 655 |
_aХудожня література _vКазки |
||
| 942 |
_2udc _cBK |
||
| 999 |
_c17324 _d17324 |
||